| 000 | 00880nam a2200253 i 4500 | ||
|---|---|---|---|
| 001 | 169785 | ||
| 003 | ES-MaACL | ||
| 005 | 20240204063021.0 | ||
| 008 | 081126s1994 sp |||| | spa d | ||
| 017 | _aM 37.330-1994 | ||
| 020 | _a84-206-4656-3 | ||
| 080 | _a75:069(460.27 M.)(091) | ||
| 100 |
_aCalvo Serraller, Francisco, _d1948-2018 _9235031 |
||
| 245 | 1 | 0 |
_aBreve historia del Museo del Prado / _cFrancisco Calvo Serraller. |
| 260 |
_aMadrid : _bAlianza Editorial, _c1994. |
||
| 300 |
_a64 p., VIII p. de lám. col. y n. ; _c15 cm. |
||
| 490 | 1 |
_aAlianza cien ; _v56 |
|
| 500 | _aÍndices. | ||
| 500 | _aEn antep.: Textos completos. | ||
| 610 | 2 |
_aMuseo Nacional del Prado- _vHistoria. _95866 |
|
| 830 | 0 |
_aAlianza cien ; _v56 _9188880 |
|
| 852 | 4 |
_aES-MaACL _jE-12309 _9R.190460 _z- Biblioteca Jacinto Martínez Lacalle |
|
| 999 |
_c169785 _d169785 |
||